| 000 | 00405pab a2200145 454500 | ||
|---|---|---|---|
| 008 | 180718b1987 xxu||||| |||| 00| 0 eng d | ||
| 100 | _aIqbal Narain | ||
| 245 |
_aBlending of tradition and modernity _bLegacy of Madan Mohan Malviya |
||
| 260 | _c1987 | ||
| 300 | _a13-14,21 | ||
| 362 | _a7 Feb. | ||
| 650 | _aMalavia, Madan Mohan - Criticism and Interpretation | ||
| 773 | _aMainstream | ||
| 909 | _a12950 | ||
| 999 |
_c12950 _d12950 |
||